| 000 | 01322nam a22002897a 4500 | ||
|---|---|---|---|
| 003 | DO-SdBNP | ||
| 005 | 20240305094856.0 | ||
| 007 | ta | ||
| 008 | 210713e2018 dr ||||er|||| 001 1dspa d | ||
| 020 | _a9789945910582 | ||
| 040 |
_aDO-SdBNP _bspa _cBNPHU |
||
| 041 | _hspa | ||
| 082 | 4 |
_222 _bM379c |
|
| 100 | 1 |
_aMartín Paulino, José, _d1963- _934433 |
|
| 245 | 1 | 0 |
_aCuaderno de serpientes / _cMartín Paulino. |
| 260 |
_aSanto Domingo : _bÚltimos Monstruos Editores, _c2018 |
||
| 300 |
_a111 p. ; _c23 cm |
||
| 490 |
_aMás allá del Espejo; _v6 |
||
| 500 | _aIncluye biografía del autor en la solapa de la cubierta. | ||
| 505 | 0 | 0 |
_tLa película ciega.-- _tÁgata.-- _tDanza de la atarraya.-- _tLa asunción de la reina.-- _tApostasía.-- _tSerpiente burocrática.-- _tEl descenso de el águila negra.-- _tLa última velada.-- _tEl ojo del diablo.-- _tRitual de la perversidad.-- _tRitual de la abundancia _tKábala.-- _tEl árbol sagrado.-- _tHijos de la noche.-- _tParábola del hombre son retorno.-- _tManjar para culpables.-- _tMemoria ancestral.-- _tGatronomía atípica.-- |
| 590 | _aInventariado 2021 / MF | ||
| 650 | 4 |
_978264 _aLiteratura dominicana |
|
| 650 | 0 |
_950038 _aNovela de Ciencia Ficción _zRepública Dominicana |
|
| 830 |
_aMás allá del Espejo; _lspa _n6 _979195 |
||
| 910 | _aMFeliz | ||
| 942 |
_2ddc _cLBS1 |
||
| 999 |
_c50096 _d50096 |
||